Miasta w Polsce w których odbyły się zawody speedcubingowe - Statystyki

Ogólne statystyki
  • Ten quiz został rozwiązany 128 razy
    97 od ostatniego zresetowania
  • Średni wynik to 30 z 74
Statystyki odpowiedzi
Odpowiedź % Poprawnych
Warszawa
100%
Gdańsk
97%
Kraków
94%
Poznań
90%
Wrocław
90%
Szczecin
87%
Lublin
86%
Gdynia
83%
Łódź
77%
Rzeszów
76%
Sopot
74%
Olsztyn
72%
Bydgoszcz
69%
Białystok
68%
Dąbrowa Górnicza
67%
Kielce
63%
Biała Podlaska
62%
Koło
62%
Zawiercie
59%
Radom
57%
Lubartów
56%
Bielsko-Biała
55%
Opole
54%
Kędzierzyn-Koźle
46%
Będzin
45%
Częstochowa
45%
Gliwice
45%
Sosnowiec
45%
Zamość
45%
Bełżyce
43%
Kluczbork
41%
Płock
38%
Chorzów
37%
Świdnik
34%
Naprawa
33%
Pawłowice
33%
Rybnik
33%
Szczytno
32%
Gniezno
30%
Grudziądz
30%
Mielec
30%
Biłgoraj
29%
Elbląg
28%
Jastrzębie-Zdrój
28%
Piotrków Trybunalski
28%
Wadowice
28%
Bełchatów
26%
Dębica
25%
Nowa Słupia
25%
Piła
25%
Żuromin
25%
Pszczyna
23%
Byczyna
22%
Łuków
21%
Świdnica
21%
Kaliska
20%
Pabianice
20%
Sucha Beskidzka
20%
Tarnowskie Góry
20%
Kraśnik
18%
Domaniewice
16%
Radomsko
16%
Rumia
16%
Sieradz
16%
Wodzisław Śląski
16%
Chojnice
15%
Środa Wielkopolska
15%
Starogard Gdański
14%
Świerklany
13%
Frydman
10%
Reda
10%
Stalowa Wola
10%
Żyrardów
10%
Człuchów
7%
Nie znaleziono quizów pasujących do podanych kryteriów
Rozkład punktacji
Procent ludzi z każdym wynikiem
Percentyl według liczby udzielonych odpowiedzi
Twoja historia wyników
Nie rozwiązałeś tego quizu od ostatniego zresetowania